000
00328 a2200157 4500
001
74158
020
_a
850804038-5
040
_c
Anchieta - Colégio São Paulo
100
_a
Portela, Fernando
240
1
0
_a
O pantanal
_l
por
245
1
0
_a
O pantanal
300
_a
48
362
0
_a
1995
650
4
_a
Mato Grosso
942
_c
BK
999
_c
74158
_d
74158